000
00322nam a22001337a 4500
008
181101b xxu||||| |||| 00| 0 eng d
020
_a
9780131789739
041
_a
eng
080
_2
2nd
_a
610.73
100
_a
2
101
_a
INF
245
_a
Maternal Newborn Nursing Reviews & Rationales
_c
Hogan,M.A
942
_2
udc
_c
BK
999
_c
51412
_d
51412